Las inferencias en la comunicación humana. La teoría de la relevancia: aplicaciones didácticas
Պահպանված է:
| Հիմնական հեղինակներ: | , |
|---|---|
| Ձևաչափ: | Գիրք |
| Լեզու: | իսպաներեն |
| Հրապարակվել է: |
Santa Fe
Signos
1997
|
| Խորագրեր: | |
| Ցուցիչներ: |
Ավելացրեք ցուցիչ
Չկան պիտակներ, Եղեք առաջինը, ով նշում է այս գրառումը!
|
MARC
| LEADER | 00000nam a2200000 a 4500 | ||
|---|---|---|---|
| 001 | UCJ8944 | ||
| 003 | CL-VaPUC | ||
| 008 | 070126e19970000AG |||||||||||||||||spa|d | ||
| 020 | |a 9504390986 | ||
| 082 | 0 | 4 | |a 302.2 |b GUN |2 21 |
| 100 | 0 | |a Gunter de Lamagni, Elba |e author |9 518764 | |
| 700 | 0 | |a Lodigiani, José Luis |e author |9 518765 | |
| 245 | 1 | 4 | |a Las inferencias en la comunicación humana. La teoría de la relevancia: aplicaciones didácticas |
| 300 | |a 64 p | ||
| 942 | |c BK | ||
| 945 | |d 20070126 00:00:00 |a jtorresc | ||
| 260 | |a Santa Fe |b Signos |c 1997 | ||
| 500 | |a Donación de la Dra. Marianne Peronard Thierry | ||
| 600 | 0 | 7 | |a SPERBER, DAN |2 CL-VaPUC |9 518766 |
| 600 | 0 | 7 | |a WILSON, DEIRDRE |2 CL-VaPUC |9 518767 |
| 650 | 0 | |a Comunicación oral |9 307769 | |
| 650 | 7 | |a TEORIA DE LA RELEVANCIA |2 CL-VaPUC |9 518768 | |
| 583 | |a last modification |c 20070126 00:00:00 |k Rodrigo Vera | ||
| 999 | |c 324588 |d 324586 | ||
| 952 | |0 0 |1 0 |4 0 |6 302_200000000000000_GUN_1997 |7 0 |8 A |9 404855 |a FDOPOS |b FDOPOS |d 2019-11-22 |i 4317750 |o 302.2 GUN 1997 |p 4317750 |r 2025-01-22 |w 2019-11-22 |y BK |k MLA | ||